[Event "46th GM 2018"]
[Site "Dortmund GER"]
[Date "2018.07.17"]
[Round "3.1"]
[White "Giri, Anish"]
[Black "Kovalev, Vladislav"]
[Result "0-1"]
[WhiteElo "2782"]
[BlackElo "2655"]
[EventDate "2018.07.14"]
[Annotator "Bojkov,Dejan"]
[PlyCount "146"]
[Beauty "5640407750179"]
[EventType "swiss"]
[EventRounds "7"]
[EventCountry "GER"]

1.e4 c5 2.Nf3 Nf6 3.e5 Nd5 4.Nc3 e6 ( {The other main line is} 4...Nxc3 5.dxc3 ) 5.Nxd5 exd5 6.d4 Nc6 7.c3 {A simple way of gaining small advantage.} ( {Giri avoids the gambit after} 7.dxc5 Bxc5 8.Qxd5 d6 9.exd6 Qb6 10.Qe4+ Be6 11.Qh4 f6 ( 11...Bf5 $6 12.Bc4 O-O 13.O-O Bxc2 14.Bf4 Qxb2 $2 15.Rac1 $1 Ba3 16.Rfe1 Bg6 17.Rcd1 Bc5 18.Bb3 Bb6 19.Ne5 Nxe5 20.Bxe5 Qa3 21.d7 {and White won in Doggers,P (2189)-Afek,Y (2387) Tilburg 2003} ) 12.Bc4 $6 Bxf2+ $1 13.Qxf2 Bxc4 14.b3 Qxf2+ 15.Kxf2 Bf7 16.c4 Kd7 17.Ba3 a5 18.Nd2 Rhe8 {and Black held the draw in the blitz game Anand,V (2759) -Mamedyarov,S (2808) Paris 2018} ) 7...cxd4 ( {Or} 7...d6 8.Bb5 Be7 ( 8...c4 $6 {also led to advantage for White after} 9.O-O Be7 10.b3 cxb3 11.exd6 Qxd6 12.axb3 Qc7 13.Re1 Be6 14.Bg5 Bd6 15.c4 {in Polgar,J (2708)-Sikula,V (2550) /Hungary 2008/EXT 2009} ) 9.exd6 Bxd6 10.dxc5 Bxc5 11.Qe2+ Be6 12.Be3 Bxe3 13.Qxe3 {with favorable version of the isolated central pawn for White, Salgado Lopez,I (2615)-Kantans, T (2514) Reykjavik 2015} ) 8.Nxd4 d6 ( {The acceptance of the pawn sacrifice after} 8...Nxe5 9.Bf4 d6 10.Bb5+ Bd7 11.Qb3 Nc6 12.Qxd5 Qf6 13.g3 Rc8 14.O-O-O {led to advantage for White in Korneev,O (2649)-Recuero Guerra,D (2315)/ Dos Hermanas 2006/CBM 111 ext} ) 9.Bb5 Bd7 ( 9...Qc7 10.exd6 Bxd6 11.Qe2+ {is unpleasant for Black.} ) 10.exd6 Bxd6 11.O-O O-O 12.Nb3 {A novelty. Technically speaking the game shifted into the French Tarrasch line. White has the standard minimal advantage thanks to the black isolated pawn.} ( 12.f4 {is dubious:} 12...Re8 13.Kh1 Bf8 ( {Instead Black would be more than fine after} 13...Nxd4 14.Bxd7 Qxd7 15.Qxd4 Qb5 ) 14.Nf3 Bg4 15.h3 Bf5 16.Ne5 {and Black was good in Repa, J-Lukic,L Winnipeg 1997} ) 12...a6 13.Be2 Qc7 14.h3 ( 14.g3 Rfe8 ) 14...Rfe8 15.Re1 Re5 {Not only doubling the rooks on the open file but setting a small trap in the process.} 16.Be3 ( {The obvious} 16.Bf4 $2 {would lose material after} 16...Rxe2 $1 ) ( {On} 16.Bf3 {Black would most likely react as in the game with} 16...Rae8 ) 16...Rae8 17.Bd3 {Patiently stopping Black's initiative.} ( {The bishop would be more aggressive on the long diagonal. However} 17.Bf3 {is more susceptible to attacks, for example} 17...Ne7 18.Qd2 Nf5 {and if} 19.Bxd5 $2 Rxe3 $1 20.fxe3 Bh2+ 21.Kf2 ( 21.Kh1 Ng3+ 22.Kxh2 Nf1+ ) 21...Qg3+ 22.Kf1 Qh4 {leads to decisive attack for Black.} ) 17...g6 18.Qd2 Qd8 19.Nd4 ( {If} 19.Bh6 {both} 19...Qe7 ( {Or} 19...Qf6 {are good for Black.} ) ) 19...Nxd4 20.Bxd4 Rxe1+ 21.Rxe1 Rxe1+ 22.Qxe1 {With careful play Giri prevented any activity along the open file and traded some pieces. For complete happiness he needs to swap off the queens and the dark-squared bishops.} 22...Qe8 23.Qd2 ( {Apparently the Dutch GM did not believe that he will have realistic winning chances after the immediate trade} 23.Qxe8+ Bxe8 {but this line was allowing his to grind as long as he likes without any risk of a loss.} ) 23...Be5 24.Be3 ( {After} 24.Bxe5 Qxe5 25.Qe2 {Black will certainly reject the second trade and activate the queen instead} 25...Qf4 ) 24...Qe6 25.f4 {Sooner or later this move will be needed. In the foreseeable future the f2 square can be used by the white queen. In the distant future, by the white king. Once the queens are gone, and there it goes all the way to d4 (or b6!)} 25...Bf6 26.a3 {Moving the pawn away from the possible d5-d4 threat.} ( {A concrete line in which this is important arises after} 26.Bc2 d4 27.Bxd4 Bxd4+ 28.Qxd4 Bc6 {The a2 pawn is hanging and} 29.Bb3 Qe1+ 30.Kh2 Qe2 31.Bd5 Qxb2 {leaves White no winning chances.} ) 26...h5 $1 {The pawn is heading to h4 from where it will allow chances for perpetual check, or may simply separate all the white pawns.} 27.Bc2 Bc6 28.Bf2 {White continues with preparation.} ( 28.Qf2 {bumps into} 28...Bh4 $1 ) 28...Qe7 29.Bd1 {Seemingly heading to f3.} ( 29.Bb3 {will be met with} 29...Qe4 ) 29...Qe6 30.Bc2 ( {Giri spotted the tactical refutation of} 30.Bf3 $2 d4 $1 31.Bxc6 dxc3 {and Black is already better.} ) 30...Qe7 31.Bb6 Qe6 32.Qf2 Qe8 33.Qd2 ( {Once more White cannot trade the dark-squared bishops without allowing any counterplay:} 33.Bd4 Bxd4 34.Qxd4 ( 34.cxd4 Qe7 {is equal as well.} ) 34...Qe1+ 35.Kh2 Qe2 {Black does not risk with the active queen. is good for Black, especially after} 36.Qd3 $6 Qf2 $1 ) 33...Qe6 34.Bc5 Qe8 35.Qd1 $2 {A blunder!} ( {It was not too late to trade the queens with} 35.Qe3 $1 Qxe3+ 36.Bxe3 {A separate question is how realistic White's winning chances are after} 36...h4 {But for sure he can never lose.} ) 35...d4 $1 {Kovalev seizes his chance! Suddenly, tables are turned. It will be White who has the isolated pawns.} 36.Qd2 ( {Both captures are bad. If} 36.Bxd4 $2 Bxd4+ 37.cxd4 ( {Or} 37.Qxd4 Qe1+ 38.Kh2 Qe2 ) 37...Qe3+ 38.Kh2 ( 38.Kh1 $2 Qxh3+ 39.Kg1 Qxg2# ) 38...Qxf4+ {with large advanatage for Black.} ) ( {And on} 36.cxd4 $2 Qe3+ 37.Kh2 {Black has a pleasant choice of swithing to the same line with} 37...Qxf4+ ( {And the domination after} 37...Bd5 $1 {when the white bishops are effectively excluded from the kingside.} ) ) 36...dxc3 37.bxc3 Qe6 {The problem is not only in the crippled white queenside structure. His king is weak as well.} 38.Bd4 Bxd4+ 39.cxd4 ( 39.Qxd4 $2 {loses on the spot due to the usual} 39...Qe1+ 40.Kh2 Qe2 ) 39...Qa2 40.Qc3 Qd5 41.Qd2 Qa2 42.Qc3 h4 {Time control is over and Black can play for two weaknesses. First is white's king, second-the outside passer that he can create in the coming moves.} 43.Kh1 ( {Similar is} 43.Kh2 Qd5 44.Qd2 a5 ) 43...a5 44.a4 $1 {The best practical chance.} ( 44.Qb3 {drops a pawn after} 44...Qa1+ ) ( {Passive defense would have lost slowly after} 44.Kh2 Qd5 45.Qd2 b5 ) 44...Qd5 {Good decision!} ( {Pure queen endgame offers lots of drawish opportunities after} 44...Bxa4 45.Bxa4 Qxa4 46.f5 $1 gxf5 47.Qc8+ Kg7 48.Qxf5 Qxd4 49.Qxa5 {as the black king is too weak.} ) 45.Qd2 b6 {But this is inaccurate due to a small detail.} ( {Correct was} 45...Kg7 $1 46.f5 gxf5 47.Qg5+ Kf8 48.Bxf5 Qxd4 49.Qh6+ Ke7 {with serious winning chances for Black.} ) 46.f5 $1 {Giri also grabs his chance.} 46...Kg7 {The only way to fight for the win.} ( {This time} 46...gxf5 $6 {doe snot work as well, as the black bishop is no longer defended in the line} 47.Qg5+ Kf8 48.Bxf5 Qxd4 49.Qh6+ Ke7 50.Qxc6 {True, Black is not losing even here neither and can force a draw with} 50...Qa1+ 51.Kh2 Qe5+ ) 47.fxg6 fxg6 48.Bd1 {The black king is weak now too and White can hope for a perpetual.} 48...Qf5 49.Kg1 Bd5 50.Bc2 Qf6 51.Qe3 g5 52.Bd3 Kh6 53.Bc2 {White is ready to build a battery along the b1-h7 diagonal, but this turns out not to be best.} ( 53.Be2 $1 {was better with the idea to trade the dominant black bishop. Then} 53...Qf4 ( 53...Kg7 54.Bf3 Bxf3 55.gxf3 {should end with perpetual sooner or later.} ) 54.Qe7 $1 Qxd4+ 55.Kh2 Qf4+ ( 55...Qf2 56.Qd6+ ) 56.Kh1 Qe4 57.Qf6+ {does not let the black king out.} ) 53...Kg7 54.Bd3 Kh6 55.Bc2 Qf4 $1 {Excellent play. The coming checks are harmless.} 56.Qd3 ( 56.Qxf4 gxf4 {is hopeless for White, as his opponent will soon create an outside passer.} ) 56...Kg7 57.Qg6+ Kf8 58.Qd3 {Sad but true. The queen is needed back home.} ( 58.Qxb6 $4 {leads to mate after} 58...Qe3+ 59.Kf1 ( 59.Kh1 Qxh3+ 60.Kg1 Qxg2# ) ( 59.Kh2 Qg3+ 60.Kg1 Qxg2# ) 59...Bc4+ ) 58...Kg7 59.Qg6+ Kf8 60.Qd3 Ke7 61.Bd1 Qe4 62.Qd2 Kd6 63.Bc2 ( 63.Qxg5 $2 Qxd4+ ) 63...Qf4 64.Qd3 Kc7 {The king escaped from the danger zone and Kovalev can start mounting pressure on the kingside.} 65.Qh7+ Kb8 66.Qd3 {This loses.} ( {Somewhat counterintuitive, the solution was to lose some tempos and force Black into his optimal defensive queenside position with} 66.Qh8+ Ka7 67.Qh7+ Bb7 68.Qd3 {However, without the bishop on d5 White will always have the d4-d5 resource to cut it away from the kingside. Say} 68...g4 69.hxg4 Qxg4 70.d5 $1 ) 66...g4 67.hxg4 Qxg4 68.Qg6 ( {Or} 68.Qd2 h3 69.Bd1 Qxg2+ 70.Qxg2 Bxg2 ) 68...Qxd4+ {Simple play.} ( 68...Qxg6 {should be also winning, but Kovalev already wants more. For example-} 69.Bxg6 b5 70.axb5 a4 71.Kh2 a3 72.Bb1 Kb7 73.Kh3 Kb6 74.Kxh4 Kxb5 {marching all the way to b2 looks convincing.} ) 69.Kh1 Bb7 {Final preparation before the "coup the grace."} ( {Of course not} 69...Qf2 $4 70.Qd6+ ) 70.Qe8+ Ka7 71.Bf5 Qd1+ 72.Kh2 Qd6+ 73.Kh1 ( 73.Kg1 Qc5+ ) 73...Qg3 ( 73...Qg3 {White resigned due to:} 74.Qe2 h3 ) 0-1

[Event "46th GM 2018"]
[Site "Dortmund GER"]
[Date "2018.07.20"]
[Round "5.3"]
[White "Nepomniachtchi, Ian"]
[Black "Kramnik, Vladimir"]
[Result "1-0"]
[WhiteElo "2757"]
[BlackElo "2792"]
[EventDate "2018.07.14"]
[Annotator "Bojkov,Dejan"]
[PlyCount "81"]
[Beauty "7630412058134"]
[EventType "swiss"]
[EventRounds "7"]
[EventCountry "GER"]

1.e4 e5 2.Nf3 Nc6 3.Bb5 a6 {Quite a rare choice for the former world champion. Ever since his match against Garry Kasparov people are more or less accustomed to his Berlin.} 4.Ba4 Nf6 5.O-O Bc5 {Already a fresh position for Nepomniachtchi, who does not have much of experience in the Ruy Lopez. Kramnik had used the M\F8ller only once before, last year in an important game against Vishy Anand in Stavanger.} 6.c3 b5 7.Bb3 d6 8.a4 {Forcing a concession.} 8...b4 ( {Black can also chose to give up the open file:} 8...Rb8 9.d4 Bb6 10.a5 Ba7 11.Be3 exd4 12.cxd4 Bg4 13.Qc1 {as in Yu,Y (2760)-Shankland,S (2671) Liaocheng 2018} ) 9.d4 Ba7 10.Bg5 {A novelty. Nepomniachtchi does not want to test his opponent's preparation.} ( {A predecessor saw White grabbing the pawn with:} 10.dxe5 dxe5 11.Qxd8+ Nxd8 12.cxb4 {Zhao,Z (2567)-Paciencia, E (2440) Dresden 2008} ) 10...Rb8 {Moving the rook away from the dangerous diagonal.} ( 10...h6 {only helps White. After} 11.Bd5 Bb7 12.Bxf6 Qxf6 13.a5 O-O 14.Qa4 Nd8 15.dxe5 dxe5 16.Bxb7 Nxb7 17.cxb4 {White emerges a pawn ahead.} ) 11.Bd5 {Anyway. But Kramnik has something here too.} 11...Ne7 $1 12.dxe5 Nfxd5 ( {But not} 12...dxe5 13.Nxe5 Nexd5 14.Nc6 {and White wins.} ) 13.exd5 O-O 14.exd6 Qxd6 15.c4 Nf5 {This is the position that Black was heading for. For the pawn he has the bishop pair and active pieces. Once he opens the position with c7-c6 he will be able to control both central files, as well as the important diagonals.} 16.Nbd2 ( {Probably better was} 16.Qc1 {in order to support the bishop and keep it active after} 16...Bb7 17.Bf4 Qd7 ) 16...f6 17.Bh4 Qf4 {The most forcing continuation after which Kramnik will regain the pawn. But apparently, he missed an important detail.} ( {There were a lot of other tempting possibilities, like the immediate} 17...c6 18.dxc6 Qxc6 19.b3 Bb7 {with strong pressure along the diagonals.} ) ( {Also possible was} 17...Re8 ) ( {and even} 17...Nxh4 18.Nxh4 Bd7 {followed by c7-c6. In all cases Black would have had excellent compensation for a pawn.} ) 18.Bg3 Nxg3 19.hxg3 Qxg3 {It seems as White is in trouble and the threat Bc8-h3 will finish him off, but Nepomniachtchi saw the excellent...} 20.c5 $1 {Which locks the dark-squared bishop for a long time.} 20...Qg6 ( 20...Bxc5 $2 21.Ne4 {drops a piece.} ) 21.Rc1 {Now White's task is to permanently lock the bishop into its prison cell and throw the key into the deepest river. Or sea.} 21...Qf7 ( {The active} 21...Bh3 {plays into White hands as he is generally happy to trade pieces:} 22.Nh4 Qg4 23.Rc4 Qxd1 24.Rxd1 Bd7 {Now there are tempting possibilities: to keep the dark-squared bishop locked with} 25.b3 ( {or to restrain the light-squared bishop with} 25.c6 Bc8 26.Ne4 f5 27.Nc5 ) ) 22.Ne4 {Supporting the d-pawn.} ( {This is much better than} 22.Nb3 Rd8 23.d6 cxd6 24.Na5 {which may lead to peculiar draw after} 24...Bg4 $1 25.Nc6 Bxc5 26.Nxd8 Rxd8 27.Rxc5 Bxf3 28.gxf3 Qg6+ {with perpetual.} ) 22...Re8 ( {Here} 22...Rd8 23.d6 cxd6 24.Nxd6 {keeps the blockade.} ) 23.Re1 Bf5 24.Ng3 $1 {Another brilliant decision. Nepomniachtchi is ready to part with the excellent central pawn while maintaining control of the position.} ( {The obvious centralization} 24.Qd4 {gives Black time to regroup with} 24...Rbd8 25.d6 {and later free himself with timely exchanges in the center. For example:} 25...a5 ( 25...Bxe4 {might be also possible-} 26.Rxe4 cxd6 27.Rxe8+ Qxe8 28.Qd5+ Qf7 29.Qd2 ) 26.Nfd2 Bxe4 ( {Or} 26...Re5 27.Qc4 Qxc4 28.Nxc4 ) 27.Nxe4 h6 28.Qd3 f5 29.Qa6 fxe4 30.Qxa7 cxd6 31.Qxa5 dxc5 32.Qxc5 Rd2 {with a likely draw.} ) 24...Rxe1+ 25.Qxe1 Bg4 {Strangely enough, this makes Black's position more difficult.} ( {The pawn was in fact poisonous:} 25...Qxd5 26.Nxf5 Qxf5 27.Qe7 {as the white pieces do whatever they want. Say} 27...Rc8 ( {Or} 27...Qc8 28.Nd4 Qd8 29.Qe6+ Kh8 30.Nc6 {and wins.} ) 28.Nd4 Qe5 ( 28...Qg6 29.Qe6+ ) 29.Nc6 {and White wins material.} ) ( {However} 25...Bg6 $1 {was more stubborn, keeping control of the important e4 square.} ) 26.Qe4 $1 {Powerful centralization.} 26...h5 ( 26...Bxf3 27.Qxf3 {is exactly what White wants. He is practically a piece ahead.} ) 27.Nf5 Re8 28.Qd3 Bb8 ( {Notice that Black cannot free himself} 28...Qg6 $4 29.Ne7+ ) ( {Just like before} 28...Bxf5 29.Qxf5 {plays into White's hands.} ) 29.N3h4 {Surrounding the bishop.} 29...Be2 30.Qd2 Bg4 31.Ne3 {A neat move.} ( {In case of the immediate capture Black can get some play with} 31.Qxb4 a5 32.Qxa5 Qxd5 ) 31...Bd7 ( {Nothing changes} 31...Bc8 32.Qxb4 ) 32.Qxb4 a5 33.Qxa5 c6 34.d6 {Poor bishop. Kramnik has won a miryad of positional masterpieces, but today it is Nepomniachtchi who paints his masterpiece.} 34...Qb3 35.Qc3 Qxa4 36.Nhf5 Qe4 37.Ne7+ Kh8 38.Qb3 Rf8 39.Qc2 $1 Qxc2 40.Nxc2 Kh7 41.Nd4 1-0

[Event "46th GM 2018"]
[Site "Dortmund GER"]
[Date "2018.07.21"]
[Round "6.3"]
[White "Kramnik, Vladimir"]
[Black "Giri, Anish"]
[Result "0-1"]
[WhiteElo "2792"]
[BlackElo "2782"]
[EventDate "2018.07.14"]
[Annotator "Bojkov,Dejan"]
[PlyCount "128"]
[Beauty "6118604544008"]
[EventType "swiss"]
[EventRounds "7"]
[EventCountry "GER"]

1.Nf3 {It must have been hard for both players when chosing the opening. After all Giri was Kramnik's second in Berlin earlier this year.} 1...d5 2.e3 Nf6 3.d4 c5 4.Nbd2 e6 5.b3 cxd4 6.exd4 Bb4 ( {Kramnik faced another move recently:} 6...Nc6 7.Bb2 g6 8.Bb5 Bg7 9.O-O O-O 10.Re1 Qb6 11.a4 Bd7 12.c4 a6 13.Bxc6 Bxc6 14.c5 Qc7 15.b4 Ne4 16.Ne5 {with an unclear position, Kramnik, V (2811) -Nakamura,H (2793) Zuerich 2017} ) 7.Bb2 Ne4 8.Bd3 Nc6 9.O-O Bc3 10.Bxc3 Nxc3 11.Qe1 {Nothing new so far. Here Giri uncorkes a novelty.} 11...Nb4 {This knight is actually heading to the kingside.} ( {A predecessor saw White getting an edge after:} 11...Qb6 12.Qe3 h6 13.a4 Bd7 14.Nb1 $1 {Eidelmann,V (2049) -Gelzenleichter,S (2188) Wingst 2005} ) 12.Nb1 Nxd3 13.Qxc3 Nf4 14.Qe3 Ng6 {End of the maneuver.} 15.c4 {In order to get some space White needs to allow hanging pawns.} 15...dxc4 16.bxc4 O-O {However, since two pairs of light pieces have been traded White's central superiority is not that great. Black can happy with the opening outcome.} 17.Nc3 Bd7 {Black wants to put pressure on the c-pawn as quickly as possible. Notice that his knight on c6 is no longer obstructing the rook.} ( {Also good was the fianchettoe-} 17...b6 {when} 18.d5 {can be met with either} 18...exd5 ( {or even} 18...Ba6 $5 19.dxe6 Bxc4 ) 19.cxd5 Bb7 {with approximate equality in either case.} ) 18.Rfd1 {Kramnik on his turn wants to place his rooks behind the pawns and push one of them further. The central one, preferrably.} 18...Rc8 19.Nd2 {A forced concession.} 19...Nh4 {A good maneuver. The second central pawn will be put under pressure as well.} 20.Qd3 Nf5 21.Rac1 Qc7 22.d5 {The central breakthrough: check.} 22...Rfd8 {Prepared for the central breakthrough: check.} 23.h3 b6 24.Nf3 {Forcing matters.} ( {After} 24.Nce4 {Black can simply take the rook pair for the queen} 24...exd5 ( 24...Bc6 $5 ) 25.cxd5 Qxc1 26.Rxc1 Rxc1+ ) 24...Qxc4 {There is no need to avoid this.} ( {Worse was} 24...Qf4 25.dxe6 fxe6 26.Ne2 ) 25.Qxc4 Rxc4 26.dxe6 fxe6 27.Rd3 ( {Nothing yields} 27.Ne5 Rd4 28.Ne2 Rd5 ) 27...e5 $1 {This subtle move was foreseen in advance.} ( {Black experiences problems after} 27...Rdc8 28.Rxd7 Rxc3 29.Rxc3 Rxc3 30.Ng5 $1 ) ( {He also has to be extremely careful, as whenever a pin is concerned there is always tactical trouble lurking:} 27...Kf8 $6 28.Rcd1 Ke7 $2 29.Rxd7+ Rxd7 30.Rxd7+ Kxd7 31.Ne5+ ) 28.Nxe5 ( {Here} 28.Rcd1 {is not as impressive as after} 28...Re8 ( {Even better seems the tactical line} 28...Nd4 29.Nxe5 Bf5 30.Nxc4 Bxd3 31.Rxd3 Ne2+ 32.Nxe2 Rxd3 33.Ne3 Ra3 {when the rook is definitely not worse than the knights. In fact Black can force a draw if he likes with} 34.Nc1 Rc3 35.Ne2 Ra3 ) 29.Rxd7 Rxc3 30.Rxa7 e4 31.Ng5 h6 {The white knight is not comfortable.} ) 28...Rd4 29.Rf3 Nh4 30.Re3 Nf5 {The hanging pawns disappeared and the game is heading towards the logical outcome.} 31.Ree1 {But Kramnik is looking for trouble.} 31...Be8 32.Ne4 Ra4 33.Rc7 {The same policy, as agressive as possible.} ( {There was nothing wrong with} 33.Rc2 ) ( {or} 33.Re2 {with equality in both cases.} ) 33...Rxa2 34.Kh2 {I assume Kramnik wanted to prepare g2-g4, followed by Kh2-g3 once that the knight jumps on h4.} ( {It was not too late to split the point with} 34.Ng4 {with the idea to force perpetual check after} 34...b5 ( 34...h6 35.Nef6+ {leads to the same.} ) ( {The only way to play for the win is} 34...Bf7 35.Ne5 Bb3 36.Nc6 Ra8 37.g4 Nh4 38.Re3 {although this seems more risky for Black than for White.} ) 35.Nef6+ gxf6 36.Nxf6+ Kf8 37.Nxh7+ ) ( 34.g4 Nd4 {only helps Black.} ) 34...h6 35.Ng4 Kf8 {Now the draw is rejected for good and White finds it hard to prove compensation.} ( 35...Bf7 $5 {also seemed fine.} ) 36.Rec1 ( {More to the point was} 36.Ne5 $5 {when} 36...b5 {is met with} 37.Nc5 ) 36...Re2 37.f3 Nh4 ( {Here both} 37...a5 $5 ) ( {or} 37...Nd4 {seem more precise.} ) 38.Ngf2 Bg6 39.Rc8 ( {The computer suggests instead the paradoxical} 39.Kg1 Bxe4 ( {Black can still play for a win with} 39...a5 40.Ra7 Rb2 ) 40.fxe4 Kg8 41.Rxa7 Rf8 42.Rf1 {with good chances for a draw.} ) 39...Re8 40.Kg3 {The last move before the time-control.} ( {Better was the immediate} 40.Rxe8+ Kxe8 41.Rc8+ Kd7 42.Rg8 Bxe4 43.Rxg7+ Kc6 44.Nxe4 {when Black can play for a win with either} 44...a5 {when his pawns should be faster.} ( {Or with} 44...Nxf3+ 45.Kg3 Ne1 46.Kf4 Nxg2+ 47.Ke5 {counting on material.} ) ) 40...Nf5+ 41.Kh2 Nd4 $1 {This is where the knight belongs.} 42.R1c3 ( {Now} 42.Kg3 {does not help at all as after} 42...a5 43.Rxe8+ Kxe8 44.Rc8+ Kd7 45.Rg8 {Black has} 45...Bf7 46.Rxg7 Nf5+ ) 42...a5 43.R8c4 Rd8 44.Rc7 Ne6 {Very accurate.} ( {The reckless machine suggests instead} 44...b5 45.Rb7 Bf7 46.Rcc7 Bd5 47.Ra7 b4 48.Rxg7 Nb5 49.Rae7 b3 {but this is not for any human's liking.} ) 45.R7c6 Nf4 46.Rc8 ( {White should have tried his last chance:} 46.Kg3 $1 Nh5+ 47.Kg4 Nf6+ 48.Nxf6 ( {Or} 48.Kg3 Bxe4 49.Nxe4 Nxe4+ ( 49...Rxe4 $5 50.Rxf6+ gxf6 51.fxe4 Ke7 ) 50.fxe4 Rxe4 51.Rxb6 ) 48...Rxf2 {It is hard to say if he would have saved himself, but it was a chance.} ) 46...Re8 47.Rxe8+ Kxe8 48.Rc8+ Kd7 49.Rg8 Ne6 {Now it a technical win.} 50.Kg3 Kc7 51.h4 Rc2 $1 {Another neat maneuver. Giri defends everything in an optimal way and his pawns can walk on their own.} ( 51...a4 52.Ra8 ) 52.Ra8 Kb7 53.Rh8 Rc6 54.h5 Bxe4 55.Nxe4 a4 56.Re8 a3 57.Re7+ Ka6 58.Re8 Ka7 59.Nd2 a2 60.Nb3 Rc3 61.Na1 Rc1 62.Rxe6 Rxa1 63.Re2 b5 64.Kf4 Kb6 0-1